| 000 | nam a22 7a 4500 | ||
|---|---|---|---|
| 999 |
_c2446 _d2446 |
||
| 005 | 20170516124624.0 | ||
| 008 | 170516b1978 mau||||| |||| 00| 0 eng d | ||
| 020 | _a0878721428 | ||
| 040 | _aAKMAL | ||
| 082 | _a519.5 MEN | ||
| 090 |
_a519.5 _bMEN |
||
| 100 | 1 |
_aMendenhall, William. _95048 |
|
| 245 | 1 | 0 |
_aStatistics for management and economics / _cWilliam Mendenhall, James E. Reinmuth. |
| 250 | _a 3d ed | ||
| 260 |
_aNorth Scituate, Mass. : _bDuxbury Press, _cc1978 |
||
| 300 |
_a x, 789 p. : _bill. ; _c 24 cm |
||
| 504 | _aIncludes bibliographies and index. | ||
| 650 | 0 |
_aStatistics _9512 |
|
| 700 | 1 |
_aReinmuth, James E., _d1940- _ejoint author. _95062 |
|
| 942 |
_2ddc _cBOOK |
||